000 00458cam a2200181ua 4500
020 _c2.25
041 _ahin
_h
082 _a891.54
_bBAM/MR
100 _aBankimchandra , Chatopadhyay .
245 _aMrunalini /
_cBamkinchandra Chatopadyay.
_hTextual Documents
250 _a1 /
_b.
260 _aVaranasi :
_bHindi Pracharak Pusthakalayam ,
_c1961.
300 _a160 ; .
365 _a2.25
504 _a
942 _cBK
999 _c8217
_d8217